| 000 | 00467nam a2200181 a 4500 | ||
|---|---|---|---|
| 001 | 3369 | ||
| 005 | 20140414131920.0 | ||
| 008 | 040117s19uu xx 00 eng d | ||
| 020 | _a0-7214-1564-4 | ||
| 050 |
_aER _bT66 1993 |
||
| 100 | _aMcKie, Ken | ||
| 245 |
_aTown mouse and the country mouse (The) / _cKen McKIe. |
||
| 260 |
_aU. S. A : _bLadybird, _c1993. |
||
| 300 | _ap. ; cm. | ||
| 440 | _aFavourite tales | ||
| 650 |
_aMice _xfiction. |
||
| 999 |
_c111691 _d111691 |
||